Naruto - Quel Kage... - Statistiques

Statistiques générales
  • Ce quiz a été pris 219 fois
  • Le résultat moyen est 9 sur 29
Statistiques - réponses
Quel Kage... Nom du Kage % Correct
... maîtrise le mokuton ? Hashirama Senju | Premier Hokage
98%
... créa les techniques de Réincarnation des Âmes, du Dieu du Tonnerre Volant, du Multi Clonage ? Tobirama Senju | Deuxième Hokage
65%
... était surnommé l’Éclair Jaune de Konoha ? Minato Namikaze | Quatrième Hokage
56%
... maniait du sable ? Gaara | Cinquième Kazekage
52%
... était chef de la « Racine » (branche officieuse de l’ANBU) ? Danzô Shimura | Pseudo-Sixième Hokage
48%
... était surnommé le ninja copieur ? Kakashi Hatake | Sixième Hokage
48%
... était l’une des Sannin ainsi que le plus forte des kunoichi et la plus grande des ninjas médecins ? Tsunade | Cinquième Hokage
48%
... maitrise le Ranton qu’il a apprit auprès du Troisième Raikage ? Darui | Cinquième Raikage
45%
... est le jinchûriki de Kyûbi ? Naruto Uzumaki | Septième Hokage
45%
... s’énerve facilement ce qui le pousse à casser du mobilier ? A | Quatrième Raikage
44%
… est le plus vieux kage encore en vie ? Ônoki | Troisième Tsuchikage
40%
… est capable de devenir invisible ? Mû | Deuxième Tsuchikage
32%
... est le porteur de Hiramekarei ? Chôjûro | Sixième Mizukage
31%
... maniait de la poussière d’or ? Rasa | Quatrième Kazekage
30%
... pouvait invoquer une palourde géante ? Gengetsu Hôzuki | Deuxième Mizukage
28%
... était surnommé le Dieu des Shinobi ? Hiruzen Sarutobi | Troisième Hokage
26%
... est pris d'envies meurtrières dès que la vie conjugale est mentionnée ? Meï Terumi | Cinquième Mizukage
23%
... portait un bâton à la fleur verte ? Yagura Karatachi | Quatrième Mizukage
23%
... était le fondateur de Suna ? Reto | Premier Kazekage
22%
... utilisait la technique des Quatre Doigts de l'Enfer ? A | Troisième Raikage
20%
... , pendant qu’il signait une alliance formelle avec Konoha, se fit attaquer par les frères d’or et d’argent ? A | Deuxième Raikage
19%
... fut le premier à la recherche des bijû dans le but d’améliorer la force de Suna ? Shamon | Deuxième Kazekage
19%
... aime regarder les nuages ? Shikamaru Nara | Huitième Hokage
17%
... était le fondateur de Kiri ? Byakuren | Premier Mizukage
15%
... maniait la limaille de fer ? Troisième Kazekage
14%
... ressemble à Jimi Hendrix ? A | Premier Raikage
13%
… serait (selon l’animé) membre du clan Kamizuru ? Ishikawa | Premier Tsuchikage
8%
... maîtrise le Yôton ? Kurotsuchi | Quatrième Tsuchikage
6%
... accompagna le Premier Mizukage au tout premier Sommet des Cinq Kage ? Troisième Mizukage
4%
Aucun quiz correspondant
Distribution des résultats
% des personnes avec chaque résultat
Percentile par nombre de réponses
Votre historique - résultats
Vous n’avez pas pris ce quiz